| 000 | 00877nam a2200193Ia 4500 | ||
|---|---|---|---|
| 999 |
_c37507 _d37507 |
||
| 001 | 3470 | ||
| 003 | GE_BSU | ||
| 005 | 20190621133945.0 | ||
| 008 | 181216s1986||||ge |||||||||||||| ||geo|| | ||
| 040 | _cGE_BSU | ||
| 041 | _ageo | ||
| 080 | _a577.472+597.2/5 შ–15 | ||
| 100 |
_aშავერდაშვილი, რ. _92719 |
||
| 245 |
_aსაქართველოს შიდაწყალსატევების თევზის მეურნეობის ეკოლოგიურ-ბიოლოგიური საფუძვლები. _cრ. შავერდაშვილი. |
||
| 264 |
_aთბილისი : _bსაბჭ. საქართველო, _c1986. |
||
| 300 |
_a231 გვ. _bილ. _c19 სმ. |
||
| 653 | _a საქართველოს შინაწყალსატევები | ||
| 942 |
_cBK _2udc |
||